[Event "HUN-chT2 Barcza 1718"]
[Site "Hungary"]
[Date "2018.01.28"]
[Round "7.4"]
[White "Ecsedi, Sandor"]
[Black "Somorai, Zsolt"]
[Result "1/2-1/2"]
[WhiteElo "1998"]
[BlackElo "2054"]
[PlyCount "25"]
[EventDate "2017.09.24"]
[EventType "team-tourn"]
[EventRounds "11"]
[EventCountry "HUN"]
[SourceTitle "EXT 2021"]
[Source "ChessBase"]
[SourceDate "2020.10.23"]
[SourceVersion "1"]
[SourceVersionDate "2020.10.23"]
[SourceQuality "1"]
[WhiteTeam "Hajduszoboszlo"]
[BlackTeam "Debrecen Sakkiskola II"]
[WhiteTeamCountry "HUN"]
[BlackTeamCountry "HUN"]

1. e4 d6 2. d4 g6 3. Nc3 Bg7 4. Be3 Nd7 5. Qd2 c6 6. Nf3 e6 7. Bd3 h5 8. 0-0 Nh6 9. h3 Qe7 10. Rfe1 Nf8 11. Bg5 f6 12. Be3 e5 13. dxe5 1/2-1/2

[Event "HUN-chT2 Barcza 1718"]
[Site "Hungary"]
[Date "2017.12.03"]
[Round "5.6"]
[White "Szilagyi, Tibor"]
[Black "Somorai, Zsolt"]
[Result "1-0"]
[WhiteElo "2072"]
[BlackElo "2054"]
[PlyCount "133"]
[EventDate "2017.09.24"]
[EventType "team-tourn"]
[EventRounds "11"]
[EventCountry "HUN"]
[SourceTitle "EXT 2021"]
[Source "ChessBase"]
[SourceDate "2020.10.23"]
[SourceVersion "1"]
[SourceVersionDate "2020.10.23"]
[SourceQuality "1"]
[WhiteTeam "Debrecen Sakkbaratok"]
[BlackTeam "Debrecen Sakkiskola II"]
[WhiteTeamCountry "HUN"]
[BlackTeamCountry "HUN"]

1. e4 g6 2. d4 Bg7 3. Nc3 c5 4. dxc5 Qa5 5. Nf3 Bxc3+ 6. bxc3 Qxc3+ 7. Bd2 Qxc5 8. Be2 Nf6 9. Bd3 d6 10. h3 Be6 11. 0-0 Nbd7 12. Rb1 Qc7 13. a4 Nc5 14. Rb4 a5 15. Rd4 Bd7 16. Qa1 e5 17. Rc4 0-0 18. Bg5 Nh5 19. Bh6 Rfe8 20. Nd2 Qd8 21. f4 f6 22. fxe5 fxe5 23. Rc3 Be6 24. Bb5 Bd7 25. Rcf3 Qe7 26. Bxd7 Qxd7 27. Nc4 Qe6 28. Nb6 Rad8 29. Nd5 Nxe4 30. Nc7 Qe7 31. Nxe8 Rxe8 32. Rf8+ Rxf8 33. Rxf8+ Qxf8 34. Bxf8 Kxf8 35. Qe1 Nc5 36. Qxa5 Nf6 37. Qd8+ Ne8 38. a5 Kf7 39. Kf1 h5 40. Ke1 Kf8 41. g4 hxg4 42. hxg4 Kf7 43. g5 Kf8 44. Kd2 Kf7 45. Kc3 Kf8 46. Kc4 Kf7 47. Qc8 Kf8 48. Qh3 Ng7 49. Qh7 Kf7 50. Kd5 Nce6 51. Kxd6 Nxg5 52. Qh1 e4 53. Kc7 N7e6+ 54. Kxb7 Kf6 55. a6 Nc5+ 56. Kc6 Nxa6 57. Qf1+ Nf3 58. Qxa6 Kf5 59. Kd5 e3 60. Qe6+ Kf4 61. Qe4+ Kg3 62. Qxe3 g5 63. Ke4 g4 64. c4 Kh4 65. Kf4 Kh5 66. Qe8+ Kh4 67. Qh8# 1-0

[Event "HUN-chT2 Barcza 1516"]
[Site "Hungary"]
[Date "2016.04.17"]
[Round "11.9"]
[White "Somorai, Zsolt"]
[Black "Toth, Laszlo"]
[Result "0-1"]
[WhiteElo "2059"]
[BlackElo "1826"]
[PlyCount "56"]
[EventDate "2015.09.13"]
[EventType "team-tourn"]
[EventRounds "11"]
[EventCountry "HUN"]
[SourceTitle "EXT 2017"]
[Source "ChessBase"]
[SourceDate "2016.10.25"]
[SourceVersion "1"]
[SourceVersionDate "2016.10.25"]
[SourceQuality "1"]
[WhiteTeam "Mezokovesd"]
[BlackTeam "Kwizda Sakkiskola"]
[WhiteTeamCountry "HUN"]
[BlackTeamCountry "HUN"]

1. d4 d5 2. Nf3 Nf6 3. Bf4 e6 4. e3 Bd6 5. Ne5 Nbd7 6. Bd3 c5 7. c3 Qb6 8. b3 Qc7 9. Nxd7 Bxd7 10. Bxd6 Qxd6 11. Nd2 Rc8 12. Rc1 0-0 13. Nf3 cxd4 14. exd4 Ne4 15. 0-0 h6 16. c4 f5 17. Ne5 dxc4 18. Bxe4 fxe4 19. bxc4 Bc6 20. Qg4 Rf6 21. Rfd1 Rcf8 22. Rd2 Qa3 23. Re1 e3 24. Rde2 exf2+ 25. Rxf2 Rxf2 26. Qxe6+ Kh7 27. Qg6+ Kh8 28. Nxc6 Qe3 0-1

[Event "HUN-chT2 Barcza 1112 "]
[Site "Hungary"]
[Date "2012.02.19"]
[Round "6"]
[White "Kelemen, Gyorgy"]
[Black "Somorai, Zsolt"]
[Result "1/2-1/2"]
[WhiteElo "2048"]
[BlackElo "2126"]
[PlyCount "142"]
[EventDate "2011.09.25"]
[EventType "team-tourn"]
[EventRounds "11"]
[EventCountry "HUN"]
[SourceTitle "EXT 2013"]
[Source "ChessBase"]
[SourceDate "2012.11.22"]
[SourceVersion "1"]
[SourceVersionDate "2012.11.22"]
[SourceQuality "1"]
[WhiteTeam "Mezokovesd"]
[BlackTeam "Balkany"]
[WhiteTeamCountry "HUN"]
[BlackTeamCountry "HUN"]

1. e4 e5 2. Nf3 d6 3. d4 Nd7 4. Bc4 Be7 5. dxe5 Nxe5 6. Nxe5 dxe5 7. Qh5 g6 8. Qxe5 Nf6 9. Bh6 Rg8 10. Qb5+ c6 11. Qb3 Be6 12. Bxe6 fxe6 13. Qxe6 Qa5+ 14. Bd2 Qb5 15. e5 Qd5 16. Qxd5 Nxd5 17. 0-0 Bc5 18. c4 Nb4 19. Nc3 Nd3 20. Ne4 0-0-0 21. Bc3 Bb6 22. Rad1 Nf4 23. Nd6+ Kb8 24. Rd2 Rgf8 25. g3 Ne6 26. Kg2 g5 27. Ne4 Rxd2 28. Bxd2 Rf5 29. Nf6 Kc7 30. f4 gxf4 31. gxf4 Bd4 32. b3 h5 33. b4 a6 34. Rf3 b5 35. cxb5 axb5 36. Ne8+ Kd8 37. Nd6 Rf8 38. f5 Bxe5 39. Nb7+ Kc7 40. fxe6 Rg8+ 41. Kh3 Kxb7 42. Rf5 Bd6 43. Rxh5 Rg6 44. Rh7+ Kc8 45. Rh6 Rxh6+ 46. Bxh6 Kd8 47. Kg4 Bxh2 48. Bf4 Bg1 49. Bd6 Bd4 50. Kf5 Bc3 51. Ke4 Ke8 52. Kd3 Bf6 53. Bc5 Kd8 54. Ke4 Bc3 55. Kf5 Ke8 56. Kg6 Be5 57. Kg5 Bc3 58. Kf5 Be1 59. Ke5 Bg3+ 60. Ke4 Be1 61. Bd6 Bc3 62. Kd3 Bf6 63. Bc5 Kd8 64. Ke4 Bc3 65. Kf5 Ke8 66. e7 Be1 67. Ke6 Bg3 68. Bd4 Bf4 69. Bb2 Bg3 70. Bf6 Bf4 71. Bd4 Bg3 1/2-1/2

[Event "HUN-chT2 Barcza 1011"]
[Site "Hungary"]
[Date "2010.11.21"]
[Round "6.3"]
[White "Somorai, Zsolt"]
[Black "Ligart, Tamas"]
[Result "0-1"]
[WhiteElo "2120"]
[BlackElo "2280"]
[PlyCount "86"]
[EventDate "2010.09.12"]
[EventType "team-tourn"]
[EventRounds "11"]
[EventCountry "HUN"]
[SourceTitle "EXT 2012"]
[Source "ChessBase"]
[SourceDate "2011.11.24"]
[SourceVersion "1"]
[SourceVersionDate "2011.11.24"]
[SourceQuality "1"]
[WhiteTeam "Balkany"]
[BlackTeam "Edeleny"]
[WhiteTeamCountry "HUN"]
[BlackTeamCountry "HUN"]

1. d4 d5 2. c4 e6 3. Nc3 Nf6 4. Bg5 Be7 5. e3 0-0 6. Nf3 h6 7. Bf4 c5 8. cxd5 Nxd5 9. Nxd5 Qxd5 10. dxc5 Qxc5 11. Bd3 Qa5+ 12. Ke2 Nc6 13. Qd2 Bb4 14. Qc2 e5 15. a3 exf4 16. axb4 Qh5 17. Qc5 Bg4 18. Qxh5 Bxh5 19. b5 Nb4 20. Be4 Rfe8 21. Bxb7 Rab8 22. Rxa7 Re7 23. Ra4 Rexb7 24. Rxb4 Rxb5 25. Rxb5 Rxb5 26. Rb1 Bg6 27. Nd4 Rb6 28. Rd1 Bh5+ 29. f3 Rxb2+ 30. Rd2 Rxd2+ 31. Kxd2 fxe3+ 32. Kxe3 Kf8 33. Kf4 Ke7 34. Ke5 f6+ 35. Kd5 Bf7+ 36. Kc6 Be6 37. Nxe6 Kxe6 38. f4 Kf5 39. g3 Kg4 40. Kd6 Kh3 41. Ke6 Kxh2 42. g4 Kg3 43. Kf5 Kh4 0-1

[Event "HUN-chT2 Charousek 0809"]
[Site "Hungary"]
[Date "2009.04.05"]
[Round "10"]
[White "Jonas, Zsolt"]
[Black "Somorai, Zsolt"]
[Result "1-0"]
[WhiteElo "2164"]
[BlackElo "2132"]
[PlyCount "83"]
[EventDate "2008.10.26"]
[EventType "team-tourn"]
[EventRounds "11"]
[EventCountry "HUN"]
[SourceTitle "EXT 2010"]
[Source "ChessBase"]
[SourceDate "2010.11.25"]
[SourceVersion "1"]
[SourceVersionDate "2010.11.25"]
[SourceQuality "1"]
[WhiteTeam "Tapolca"]
[BlackTeam "Hobagoly"]
[WhiteTeamCountry "HUN"]
[BlackTeamCountry "HUN"]

1. e4 d6 2. d4 Nf6 3. Nc3 g6 4. Be2 Bg7 5. g4 h5 6. g5 Nfd7 7. Be3 e6 8. f4 Nb6 9. Qd2 Nc6 10. Nf3 d5 11. 0-0-0 dxe4 12. Nxe4 Nd5 13. Ne5 Nxe3 14. Qxe3 Ne7 15. Bf3 Nf5 16. Qc3 c6 17. Ng3 Ne7 18. Be4 Bd7 19. Rhe1 Rc8 20. Qd3 Qa5 21. Kb1 Rd8 22. Nxg6 fxg6 23. Bxg6+ Kf8 24. Nxh5 Nf5 25. Ng3 Nxd4 26. c3 Nb5 27. Ne4 Rxh2 28. Nf6 Na3+ 29. Ka1 Nc2+ 30. Kb1 Na3+ 31. Ka1 Nc2+ 32. Kb1 Bxf6 33. gxf6 Na3+ 34. Ka1 Nc2+ 35. Kb1 Na3+ 36. Ka1 Nc2+ 37. Kb1 Qc5 38. Rh1 Na3+ 39. Ka1 Qf2 40. Rxh2 Qxh2 41. Qd6+ Kg8 42. Qe7 1-0

[Event "HUN-chT2 Charousek 0809"]
[Site "Hungary"]
[Date "2008.10.26"]
[Round "1"]
[White "Somorai, Zsolt"]
[Black "Adam, Gyorgy Jr"]
[Result "1-0"]
[WhiteElo "2132"]
[BlackElo "2086"]
[PlyCount "85"]
[EventDate "2008.10.26"]
[EventType "team-tourn"]
[EventRounds "11"]
[EventCountry "HUN"]
[SourceTitle "EXT 2010"]
[Source "ChessBase"]
[SourceDate "2010.11.25"]
[SourceVersion "1"]
[SourceVersionDate "2010.11.25"]
[SourceQuality "1"]
[WhiteTeam "Hobagoly"]
[BlackTeam "Barcza"]
[WhiteTeamCountry "HUN"]
[BlackTeamCountry "HUN"]

1. Nf3 g6 2. e4 Bg7 3. d4 d6 4. Bc4 Nf6 5. e5 dxe5 6. Nxe5 0-0 7. 0-0 b6 8. Qf3 c6 9. c3 Bb7 10. Bf4 e6 11. Bg5 h6 12. Bh4 Qe7 13. Re1 g5 14. Bg3 c5 15. Qd3 cxd4 16. Ng6 Qd7 17. Nxf8 Kxf8 18. cxd4 Nc6 19. Be5 Nb4 20. Qb3 Nbd5 21. Nc3 Nxc3 22. Qxc3 Rc8 23. Rac1 Kg8 24. Qh3 g4 25. Qh4 Rxc4 26. Bxf6 Bxf6 27. Qxg4+ Kf8 28. Rxc4 Qd5 29. Rec1 Bg5 30. R1c2 h5 31. Qg3 Bf4 32. Qh3 b5 33. Rc8+ Ke7 34. Qh4+ Bg5 35. R8c7+ Kd8 36. Qg3 h4 37. Qg4 f6 38. R7c5 Qxa2 39. f4 Be4 40. Rc8+ Kd7 41. R2c7+ Kd6 42. fxg5 Qb1+ 43. Rc1 1-0

[Event "HUN-chT2 Breyer 0708"]
[Site "Hungary"]
[Date "2008.03.02"]
[Round "7"]
[White "Palla, Gyorgy"]
[Black "Somorai, Zsolt"]
[Result "1/2-1/2"]
[WhiteElo "2068"]
[BlackElo "2152"]
[PlyCount "119"]
[EventDate "2007.10.14"]
[EventType "team"]
[EventRounds "11"]
[EventCountry "HUN"]
[SourceTitle "EXT 2009"]
[Source "ChessBase"]
[SourceDate "2008.11.26"]
[SourceVersion "1"]
[SourceVersionDate "2008.11.26"]
[SourceQuality "1"]
[WhiteTeam "Balatonfuered"]
[BlackTeam "Hobagoly"]
[WhiteTeamCountry "HUN"]
[BlackTeamCountry "HUN"]

1. Nf3 d5 2. d4 Bf5 3. c4 e6 4. cxd5 exd5 5. Nc3 Nf6 6. Bg5 c6 7. Qb3 Bc8 8. e3 Bd6 9. Bd3 Nbd7 10. 0-0 Qb6 11. Qc2 h6 12. Bh4 0-0 13. Rac1 Re8 14. a3 a5 15. Na4 Qc7 16. Nc5 Bxc5 17. dxc5 Ne4 18. Bxe4 Rxe4 19. Bg3 Qd8 20. Nd2 Re6 21. e4 Nf6 22. e5 Nh5 23. f4 Nxg3 24. hxg3 Re8 25. Nf3 Bg4 26. Nd4 f6 27. Rce1 fxe5 28. fxe5 Qg5 29. e6 Re7 30. Qc3 Rae8 31. Qxa5 Bxe6 32. Qc3 Bg4 33. Rxe7 Qxe7 34. Rf4 h5 35. Kh2 Qe1 36. Qxe1 Rxe1 37. Rf2 g6 38. Rd2 Kf7 39. b4 Ra1 40. Rd3 Kf6 41. Nb3 Re1 42. a4 Ke5 43. b5 Ke4 44. Rd4+ Ke3 45. Rf4 Bf5 46. Nd4 Be4 47. bxc6 bxc6 48. Nxc6 d4 49. Ne5 d3 50. Nc4+ Kd4 51. Nd2 Kc3 52. Rxe4 Kxd2 53. Rc4 Re8 54. c6 Ke3 55. c7 Rc8 56. Rc6 Kd4 57. Rd6+ Kc4 58. Rc6+ Kd5 59. Rc3 Kd4 60. Rc6 1/2-1/2

[Event "HUN-chT2 Breyer 0708"]
[Site "Hungary"]
[Date "2007.10.14"]
[Round "1"]
[White "Vass, Istvan"]
[Black "Somorai, Zsolt"]
[Result "1-0"]
[WhiteElo "2098"]
[BlackElo "2152"]
[PlyCount "61"]
[EventDate "2007.10.14"]
[EventType "team"]
[EventRounds "11"]
[EventCountry "HUN"]
[SourceTitle "EXT 2009"]
[Source "ChessBase"]
[SourceDate "2008.11.26"]
[SourceVersion "1"]
[SourceVersionDate "2008.11.26"]
[SourceQuality "1"]
[WhiteTeam "MAFC"]
[BlackTeam "Hobagoly"]
[WhiteTeamCountry "HUN"]
[BlackTeamCountry "HUN"]

1. e4 d6 2. d4 Nf6 3. Nc3 g6 4. f4 Bg7 5. Nf3 0-0 6. Be3 c6 7. Qd2 Ng4 8. 0-0-0 Nxe3 9. Qxe3 b5 10. e5 b4 11. Ne4 Qa5 12. Kb1 Be6 13. b3 Qc7 14. Neg5 Bg4 15. e6 f6 16. Nh3 a5 17. Nf2 Bxf3 18. Qxf3 Qc8 19. f5 Na6 20. Bd3 Qe8 21. Qg3 gxf5 22. Bxf5 Qh5 23. Qd3 Nc7 24. g4 Qh4 25. Ne4 Nd5 26. Rdf1 Bh6 27. Bxh7+ Kh8 28. Bf5 Nf4 29. Qg3 Qxg3 30. hxg3 Kg7 31. gxf4 1-0

[Event "HUN-chT2 Asztalos 0607"]
[Site "Hungary"]
[Date "2007.04.29"]
[Round "9"]
[White "Somorai, Zsolt"]
[Black "Drinoczi, Peter"]
[Result "1/2-1/2"]
[WhiteElo "2122"]
[BlackElo "2083"]
[PlyCount "84"]
[EventDate "2006.11.12"]
[EventType "team"]
[EventRounds "11"]
[EventCountry "HUN"]
[SourceTitle "EXT 2008"]
[Source "ChessBase"]
[SourceDate "2007.11.25"]
[SourceVersion "1"]
[SourceVersionDate "2007.11.25"]
[SourceQuality "1"]
[WhiteTeam "OK Travel"]
[BlackTeam "Pannonpower II"]
[WhiteTeamCountry "HUN"]
[BlackTeamCountry "HUN"]

1. e4 e5 2. Nf3 Nc6 3. Bc4 Bc5 4. 0-0 Nf6 5. d3 d6 6. h3 h6 7. c3 Qe7 8. Re1 0-0 9. Nbd2 Kh8 10. Nf1 g5 11. Ne3 Bb6 12. d4 Nd8 13. Nd5 Nxd5 14. exd5 f6 15. Bd3 Qg7 16. dxe5 fxe5 17. Be3 Qf6 18. Be2 Nf7 19. Rf1 Bd7 20. b4 Rae8 21. c4 e4 22. Nd4 Ne5 23. Rc1 Nd3 24. Bxd3 Bxd4 25. Bxd4 Qxd4 26. Bb1 Qe5 27. Re1 Qf4 28. Qd4+ Kg8 29. Rc2 Bf5 30. Rce2 e3 31. Qxf4 gxf4 32. Bxf5 Rxf5 33. fxe3 Re4 34. exf4 Rxc4 35. g3 Rxd5 36. a3 Rd3 37. Re3 Rcc3 38. Rxd3 Rxd3 39. Kf2 Rxa3 40. Re8+ Kf7 41. Rb8 b6 42. Rb7 Rb3 1/2-1/2

[Event "HUN-chT2 Asztalos 0607"]
[Site "Hungary"]
[Date "2006.12.17"]
[Round "4"]
[White "Nadi, Ferenc"]
[Black "Somorai, Zsolt"]
[Result "0-1"]
[WhiteElo "2037"]
[BlackElo "2122"]
[PlyCount "74"]
[EventDate "2006.11.12"]
[EventType "team"]
[EventRounds "11"]
[EventCountry "HUN"]
[SourceTitle "EXT 2008"]
[Source "ChessBase"]
[SourceDate "2007.11.25"]
[SourceVersion "1"]
[SourceVersionDate "2007.11.25"]
[SourceQuality "1"]
[WhiteTeam "MAV Elore"]
[BlackTeam "OK Travel"]
[WhiteTeamCountry "HUN"]
[BlackTeamCountry "HUN"]

1. d4 Nf6 2. Nf3 d5 3. Bf4 Bg4 4. Ne5 Bh5 5. Nd2 Nbd7 6. c3 Nxe5 7. Bxe5 e6 8. Qb3 b6 9. e3 c6 10. Bd3 Be7 11. 0-0 0-0 12. Qc2 Bg6 13. Bxg6 hxg6 14. Bxf6 Bxf6 15. e4 Rc8 16. Rad1 Qc7 17. Qd3 Rfd8 18. exd5 Rxd5 19. Qf3 Rcd8 20. Ne4 Be7 21. Nd2 c5 22. Nb3 c4 23. Nd2 e5 24. Rfe1 exd4 25. Nxc4 Bf8 26. Ne3 Rb5 27. Qe2 Rh5 28. Ng4 dxc3 29. Rxd8 Qxd8 30. bxc3 Qc8 31. c4 Ra5 32. Ne3 Qa6 33. Nd5 Rxa2 34. Qe8 Ra1 35. Ne7+ Kh7 36. Rf1 Rxf1+ 37. Kxf1 Qxc4+ 0-1

[Event "HUN-chT2 Asztalos 0607"]
[Site "Hungary"]
[Date "2006.11.26"]
[Round "2"]
[White "Fehervari, Istvan"]
[Black "Somorai, Zsolt"]
[Result "0-1"]
[WhiteElo "2088"]
[BlackElo "2122"]
[PlyCount "62"]
[EventDate "2006.11.12"]
[EventType "team"]
[EventRounds "11"]
[EventCountry "HUN"]
[SourceTitle "EXT 2008"]
[Source "ChessBase"]
[SourceDate "2007.11.25"]
[SourceVersion "1"]
[SourceVersionDate "2007.11.25"]
[SourceQuality "1"]
[WhiteTeam "Varga Mafry"]
[BlackTeam "OK Travel"]
[WhiteTeamCountry "HUN"]
[BlackTeamCountry "HUN"]

1. d4 Nf6 2. Nf3 g6 3. c4 d6 4. Nc3 Bg7 5. e4 0-0 6. Be2 c5 7. d5 Nbd7 8. 0-0 b6 9. Bf4 Bb7 10. Qd2 Ne8 11. Bh6 Ne5 12. Nxe5 dxe5 13. Bxg7 Kxg7 14. f4 exf4 15. Rxf4 e5 16. Rf3 Bc8 17. Raf1 Nd6 18. Bd3 a6 19. Qf2 Qe7 20. Rf6 Bd7 21. Qh4 Rae8 22. Ne2 Bf5 23. exf5 Qxf6 24. Qg4 e4 25. Ng3 Qd4+ 26. Kh1 exd3 27. f6+ Kh8 28. Qg5 Qe3 29. Qh4 d2 30. h3 Re5 31. Kh2 Qg5 0-1

[Event "HUN-chT2 Asztalos 0607"]
[Site "Hungary"]
[Date "2006.11.12"]
[Round "1"]
[White "Gyorke, Zoltan"]
[Black "Somorai, Zsolt"]
[Result "0-1"]
[WhiteElo "2183"]
[BlackElo "2122"]
[PlyCount "77"]
[EventDate "2006.11.12"]
[EventType "team"]
[EventRounds "11"]
[EventCountry "HUN"]
[SourceTitle "EXT 2008"]
[Source "ChessBase"]
[SourceDate "2007.11.25"]
[SourceVersion "1"]
[SourceVersionDate "2007.11.25"]
[SourceQuality "1"]
[WhiteTeam "Komlo Banyasz"]
[BlackTeam "OK Travel"]
[WhiteTeamCountry "HUN"]
[BlackTeamCountry "HUN"]

1. c4 e5 2. Nc3 Nf6 3. g3 Bc5 4. Bg2 c6 5. e3 0-0 6. Nge2 d6 7. 0-0 Be6 8. d4 Bb6 9. b3 Qc8 10. Re1 Bh3 11. Bh1 Re8 12. Ba3 Bc7 13. Qc2 Nbd7 14. Rad1 Nf8 15. dxe5 dxe5 16. Bd6 Ng4 17. c5 Re6 18. Ne4 Rh6 19. Bxc7 Qxc7 20. Rd6 Ne6 21. Red1 Qc8 22. Qc3 Nxh2 23. Qxe5 Bg4 24. f3 Bxf3 25. Qb2 Bxh1 26. Nf2 Bf3 27. R1d2 Ng4 28. Nxg4 Rh1+ 29. Kf2 Bxg4 30. Nf4 Qf8 31. Kg2 Rh6 32. Rf2 Nxf4+ 33. Rxf4 Bh3+ 34. Kf2 Be6 35. Qe5 Qe7 36. Kg1 Rg6 37. Rfd4 Re8 38. b4 Qg5 39. Rxe6 0-1

[Event "HUN-chT2 Asztalos 0506"]
[Site "Hungary"]
[Date "2006.04.23"]
[Round "11"]
[White "Somorai, Zsolt"]
[Black "Dudas, Eszter"]
[Result "0-1"]
[WhiteElo "2134"]
[BlackElo "2000"]
[PlyCount "54"]
[EventDate "2005.10.16"]
[EventType "team"]
[EventRounds "11"]
[EventCountry "HUN"]
[SourceTitle "EXT 2009"]
[Source "ChessBase"]
[SourceDate "2008.11.26"]
[SourceVersion "1"]
[SourceVersionDate "2008.11.26"]
[SourceQuality "1"]
[WhiteTeam "OK Travel"]
[BlackTeam "MAV Elore"]
[WhiteTeamCountry "HUN"]
[BlackTeamCountry "HUN"]

1. e4 e6 2. d4 d5 3. Nd2 Nf6 4. Bd3 c5 5. c3 Nc6 6. Ngf3 cxd4 7. Nxd4 Nxd4 8. cxd4 dxe4 9. Nxe4 Bb4+ 10. Bd2 Bxd2+ 11. Qxd2 0-0 12. Ng5 h6 13. Nf3 b6 14. 0-0 Bb7 15. Ne5 Qd5 16. Nf3 Rfd8 17. Rfd1 Rac8 18. a4 Ne4 19. Qf4 Ng5 20. Be2 Rc2 21. Rd2 Rxd2 22. Qxd2 e5 23. Rd1 e4 24. Nxg5 e3 25. Bf3 exd2 26. Bxd5 Bxd5 27. Nh3 Re8 0-1